000
00235 a2200097 4500
020
_a
9781032663159
100
_a
Saad Z. Asif
245
_a
5G mobile communications: concepts and technologies
260
_b
CRC Press
_c
2024
942
_c
OO
999
_c
116025
_d
116024